Normal view
MARC view
Entry Personal Name
001 - CONTROL NUMBER
- control field: 14385
003 - CONTROL NUMBER IDENTIFIER
- control field: dpl
005 - DATE AND TIME OF LATEST TRANSACTION
- control field: 20100817135810.0
008 - FIXED-LENGTH DATA ELEMENTS
- fixed length control field: 100817|||a|||||| | ||| d
040 ## - CATALOGING SOURCE
- Original cataloging agency: dpl
- Transcribing agency: dpl
100 ## - HEADING--PERSONAL NAME
- Personal name: Jain, Ajay
670 ## - SOURCE DATA FOUND
- Source citation: Work cat.: (dpl)35468: New light's SSC Section Officers' (Commercial Audit) examination /, 2010
670 ## - SOURCE DATA FOUND
- Source citation: Work cat.: (dpl)35468: New light's SSC Section Officers' (Commercial Audit) examination /, 2010
